000 00500nam a2200169Ia 4500
999 _c28141
_d28141
003 OSt
005 20201217122027.0
008 190216s9999||||xx |||||||||||||| ||und||
040 _coclc
082 _a894.8121
_bCHA/S
100 _aChandran, P N
_97624
245 0 _aSangharshabhoomiyile Sthree /
_cP N Chandran
260 _bPoorna Publication,
_c2000.
_a Kozhikode:
300 _a54p
650 _aKavithkal
942 _cBK
_2ddc
_h894.8121
_i894.8121
_k894.8121
_m894.8121